000 00443nam a2200145Ia 4500
008 230917s9999||||xx |||||||||||||| ||und||
040 _e164527
_aMAIN
041 _aEnglish
082 _a891.433721 DV969T
100 _aद्विवेदी, विद्याधर
245 0 _aतूफान के बाद
260 _aकानपुर
_bचिन्तन प्रकाशन
_c1997
300 _a160पृ. p.
942 _cHN
999 _c99048
_d99048